01706 a2200253 45000010006000000050017000060080041000230030015000640400040000790800039001192450023001580200022001812500012002032640032002153000026002475050944002730410008012171000027012257000021012527000028012737000025013017000027013268560099013534488220260407155723.0260407a2007 arg spa dAR-UNSa-BCEJYS aAR-UNSa-BCEJYSbspacAR-UNSa-BCEJYS a331.101.26xEconomía del trabajo10aEconomía Laboral a978-84-481-5649-7 a7a. ed. 1aMadrid :bMcGraw-Hillc2007 axviii, 598 p.c25 cm. a1. La economía laboral: introducción y visión panorámica – 2. La teoría de la oferta de trabajo del individuo – 3. La población, las tasas de actividad y las horas de trabajo – 4. La calidad del trabajo: la inversión en capital humano – 5. La demanda de trabajo – 6. La determinación de los salarios y la asignación del trabajo – 7. Los sistemas de remuneración y la eficiencia del trabajo – 8. La estructura salarial – 9. La movilidad, la migración y la eficiencia – 10. Los sindicatos y la negociación colectiva – 11. El Estado y el mercado de trabajo: empleo, gasto e impuestos – 12. El Estado y el mercado de trabajo: legislación y normativa - 13. La discriminación en el mercado de trabajo – 14. La búsqueda de empleo: externa e interna – 15. La distribución personal de las ganancias – 16. La productividad del trabajo: salarios, precios y empleo – 17. Empleo y paro -  aspa1 aMcConnell, Campbell R.1 aBrue, Stanley L.1 aRabasco, María Esther1 aMacpherson, David A.1 aToharia Cortés, Luis41uhttps://www.biblioeco.unsa.edu.ar/pmb/images/libros/L127013.jpgyImagen de portadaqimage/jpeg